00299nam a2200121Ia 4500008004100000041001200041082001600053100001500069245003400084260003300118300000800151650001800159221030s9999 xx 000 0 und d aEnglish a105.23bJai aD. P. Jain 0aMercantile Lawcby D. P. Jain bDhanpat Rai PubaDelhic1999 a520 aBE Management